Hướng dẫn giải bài tập toán THCS 7
Sách là tài liệu tham khảo giúp giáo viên, học sinh trung học cơ sở có thêm tư liệu để dạy và học tốt hơn bộ môn Toán học.
Đã lưu trong:
| 主要作者: | |
|---|---|
| 格式: | 图书 |
| 语言: | Undetermined |
| 出版: |
Hà Nội
Giáo Dục
2006
|
| 主题: | |
| 标签: |
添加标签
没有标签, 成为第一个标记此记录!
|
| Thư viện lưu trữ: | Trung tâm Học liệu Trường Đại học Cần Thơ |
|---|
| LEADER | 00888nam a2200217Ia 4500 | ||
|---|---|---|---|
| 001 | CTU_116207 | ||
| 008 | 210402s9999 xx 000 0 und d | ||
| 020 | |c 13000 | ||
| 082 | |a 510.712 | ||
| 082 | |b K310/T.2/L.7 | ||
| 100 | |a Dương, Đức Kim | ||
| 245 | 0 | |a Hướng dẫn giải bài tập toán THCS 7 | |
| 245 | 0 | |c Dương Đức Kim, Đỗ Duy Đồng, Đỗ Thanh Quang | |
| 260 | |a Hà Nội | ||
| 260 | |b Giáo Dục | ||
| 260 | |c 2006 | ||
| 520 | |a Sách là tài liệu tham khảo giúp giáo viên, học sinh trung học cơ sở có thêm tư liệu để dạy và học tốt hơn bộ môn Toán học. | ||
| 650 | |a Mathematics | ||
| 650 | |x Study and teaching | ||
| 904 | |i Tuyến sửa số pl 510.0712 thành 510.712, chưa in nhãn) | ||
| 980 | |a Trung tâm Học liệu Trường Đại học Cần Thơ | ||